<?xml version="1.0" encoding="UTF-8"?>
<record
    xmlns:xsi="http://www.w3.org/2001/XMLSchema-instance"
    xsi:schemaLocation="http://www.loc.gov/MARC21/slim http://www.loc.gov/standards/marcxml/schema/MARC21slim.xsd"
    xmlns="http://www.loc.gov/MARC21/slim">

  <leader>01175nam a2200289   4500</leader>
  <controlfield tag="001">114275</controlfield>
  <controlfield tag="003">DR-UNIBE</controlfield>
  <controlfield tag="005">20251210100006.0</controlfield>
  <controlfield tag="008">251204b2023    dr ||||| |||| 00| 1 spa d</controlfield>
  <datafield tag="040" ind1=" " ind2=" ">
    <subfield code="a">BIBLIOTECA UNIBE</subfield>
    <subfield code="b">spa</subfield>
    <subfield code="c">BIBLIOTECA UNIBE</subfield>
    <subfield code="e">rda</subfield>
  </datafield>
  <datafield tag="041" ind1=" " ind2=" ">
    <subfield code="a">spa</subfield>
  </datafield>
  <datafield tag="090" ind1=" " ind2=" ">
    <subfield code="a">FBIU - DRP CI P426e</subfield>
  </datafield>
  <datafield tag="100" ind1="1" ind2="0">
    <subfield code="a">Peralta, Gerolin Carolina</subfield>
    <subfield code="9">201267</subfield>
    <subfield code="e">autor</subfield>
  </datafield>
  <datafield tag="245" ind1="1" ind2="3">
    <subfield code="a">El elefante y el pececito /</subfield>
    <subfield code="c">Gerolin Carolina Peralta ; ilustraciones : Miguel Cepeda ; Edici&#xF3;n y dise&#xF1;o gr&#xE1;fico: Ana Gal&#xE1;n</subfield>
  </datafield>
  <datafield tag="250" ind1=" " ind2=" ">
    <subfield code="a">Primera edici&#xF3;n</subfield>
  </datafield>
  <datafield tag="260" ind1=" " ind2=" ">
    <subfield code="a">Loma Cabarete :</subfield>
    <subfield code="b">Dream Project, </subfield>
    <subfield code="c">2023</subfield>
  </datafield>
  <datafield tag="300" ind1=" " ind2=" ">
    <subfield code="a">[Sin p&#xE1;ginas] :</subfield>
    <subfield code="b">ilustraciones a color ;</subfield>
    <subfield code="c">20 x 20 cm</subfield>
  </datafield>
  <datafield tag="500" ind1=" " ind2=" ">
    <subfield code="a">Datos del autor ganador del concurso de escritura de Dream Project y del ilustrador al final de la obra</subfield>
  </datafield>
  <datafield tag="653" ind1=" " ind2="7">
    <subfield code="a">Literatura infantil dominicana</subfield>
  </datafield>
  <datafield tag="653" ind1=" " ind2="7">
    <subfield code="a">Cuento infantil dominicano</subfield>
  </datafield>
  <datafield tag="653" ind1=" " ind2="7">
    <subfield code="a">Uni&#xF3;n - Cuentos infantiles dominicanos</subfield>
  </datafield>
  <datafield tag="653" ind1=" " ind2="7">
    <subfield code="a">Elefantes - Cuentos infantiles dominicanos</subfield>
  </datafield>
  <datafield tag="653" ind1=" " ind2="7">
    <subfield code="a">Peces - Cuentos infantiles dominicanos</subfield>
  </datafield>
  <datafield tag="700" ind1="1" ind2="0">
    <subfield code="a">Cepeda, Miguel</subfield>
    <subfield code="9">145513</subfield>
    <subfield code="e">ilustrador</subfield>
  </datafield>
  <datafield tag="700" ind1="1" ind2="0">
    <subfield code="a">Gal&#xE1;n, Ana</subfield>
    <subfield code="9">154971</subfield>
    <subfield code="e">editor</subfield>
    <subfield code="e">dise&#xF1;ador gr&#xE1;fico</subfield>
  </datafield>
  <datafield tag="942" ind1=" " ind2=" ">
    <subfield code="2">ddc</subfield>
    <subfield code="c">BK</subfield>
  </datafield>
  <datafield tag="999" ind1=" " ind2=" ">
    <subfield code="c">114275</subfield>
    <subfield code="d">114275</subfield>
  </datafield>
  <datafield tag="952" ind1=" " ind2=" ">
    <subfield code="0">0</subfield>
    <subfield code="1">0</subfield>
    <subfield code="2">ddc</subfield>
    <subfield code="7">1</subfield>
    <subfield code="8">FBIU</subfield>
    <subfield code="a">Principal</subfield>
    <subfield code="d">2025-10-11</subfield>
    <subfield code="l">0</subfield>
    <subfield code="o">FBIU-DRP CI P426e</subfield>
    <subfield code="p">FBIU0919</subfield>
    <subfield code="r">2025-12-04 10:13:44</subfield>
    <subfield code="t">Ej. 1</subfield>
    <subfield code="w">2025-12-04</subfield>
    <subfield code="y">BK-RES</subfield>
  </datafield>
</record>
